Statistics for Languages by Continent

Click here to take the quiz!

General Stats

  • This quiz has been taken 90 times
  • The average score is 71 of 80

Answer Stats

QuestionTileSelect% Correct
OceaniaDanishNo
100%
AsiaHawaiianNo
100%
AfricaIrishNo
100%
EuropeMandarinNo
100%
EuropeMaoriNo
100%
EuropeMongolianNo
100%
AfricaNorwegianNo
100%
AsiaPolishNo
100%
AfricaPolishNo
100%
EuropeSangoNo
100%
OceaniaSpanishNo
100%
OceaniaSwedishNo
100%
AfricaThaiNo
100%
OceaniaArabicNo
99%
EuropeJapaneseNo
99%
OceaniaKoreanNo
99%
EuropeMauritian CreoleNo
99%
AsiaNorwegianNo
99%
South AmericaPolishNo
99%
AfricaRussianNo
99%
OceaniaRussianNo
99%
South AmericaRussianNo
99%
OceaniaSwahiliNo
99%
South AmericaSwedishNo
99%
EuropeThaiNo
99%
EuropeBerberNo
98%
South AmericaDanishNo
98%
AsiaIcelandicNo
98%
AsiaIndonesianYes
98%
OceaniaMaoriYes
98%
AfricaSwahiliYes
98%
EuropeFrenchYes
96%
AsiaHindiYes
96%
EuropeRussianYes
96%
EuropeSpanishYes
96%
OceaniaTuvaluanYes
96%
AfricaInuitNo
95%
AsiaKhmerYes
95%
AsiaLaoYes
95%
EuropeMoldovanYes
95%
EuropePolishYes
95%
OceaniaTonganYes
95%
AsiaVietnameseYes
95%
EuropeCatalanYes
94%
OceaniaFijianYes
94%
AsiaMalayYes
94%
South AmericaNdebeleNo
94%
South AmericaTswanaNo
94%
AsiaKinyarwandaNo
93%
OceaniaMarshalleseYes
92%
AsiaArabicYes
91%
AfricaDutchNo
91%
South AmericaGuyanese creoleYes
91%
OceaniaNauruanYes
91%
South AmericaQuechuaYes
91%
AsiaCantoneseYes
88%
AfricaAmharicYes
87%
AfricaBerberYes
87%
OceaniaSangoNo
87%
South AmericaUruguayan PortugueseYes
87%
AfricaKinyarwandaYes
85%
AsiaUrduYes
85%
AfricaBambaraYes
84%
AfricaHausaYes
84%
AfricaTigrinyaYes
84%
AfricaXhosaYes
84%
AfricaSpanishNo
82%
AsiaSinhalaYes
81%
OceaniaGilberteseYes
75%
South AmericaGuaraniYes
75%
South AmericaAymaraYes
68%
South AmericaTucanoYes
68%
AsiaCebuanoYes
65%
South AmericaWayanaYes
62%
South AmericaArawak-LokonoYes
60%
South AmericaWapishanaYes
55%
OceaniaBislamaYes
52%
South AmericaSikiana-KashuyanaYes
47%
EuropeKashubianYes
46%
EuropeMirandeseYes
32%

Score Distribution

Percentile by Number Answered

Percent of People with Each Score

Your Score History

You have not taken this quiz